Statistics for Psychology Quiz

Click here to take the quiz!

General Stats

  • This quiz has been taken 2,740 times
  • The average score is 10 of 15

Answer Stats

HintAnswer% Correct
Credited for being the father of psychoanalysisSigmund Freud
95%
What are you afraid of if you have arachnophobia?Spiders
95%
Denial, anger, bargaining, depression, and acceptance are the five stages of ...?Grief
82%
Who conditioned dogs to salivate at the ring of a bell?Ivan Pavlov
81%
What, along with id and ego, is part of the structural model of the psyche?Super-ego
78%
Disease that causes most cases of dementiaAlzheimer's
69%
Complex named for a greek king who killed his father and slept with his motherOedipus complex
68%
What is a polygraph colloquially known as?Lie detector
64%
What kind of drug are prozac and zoloft?Antidepressant
62%
What does "IQ" stand for?Intelligence Quotient
61%
Which outdated procedure involves severing connections in the frontal cortex?Lobotomy
61%
Zimbardo's experiment in which randomly assigned "guards" allegedly tortured "prisoners"Stanford experiment
53%
What kind of disorder did Dustin Hoffman have in "Rain Man"?Autism
50%
Test with inkblotsRorschach test
41%
Quote by the same person, about phallic symbols: "Sometimes, a ___ is just a ___."Cigar
18%

Score Distribution

Percentile by Number Answered

Percent of People with Each Score

Your Score History

You have not taken this quiz